000 02720nam2a2200313 4500
001 RU\NLR\BIBL_A\022710903
005 20260210143242.0
010 _a978-5-7281-3563-0
_9300
021 _aRU
_bКН-П-25-074315
_9КН-П-25-7208
035 _a(NLR Aleph) 022710903
090 _a13541351
_c13541351
100 _a20260128d2025 k y0rusy50 ca
101 0 _arus
_deng
102 _aRU
105 _aah z 000yy
200 0 _aВып. 22
_e[сборник работ победителей и лауреатов XXIV Международного конкурса работ о Холокосте и доклады участников международных конференций школьников и студентов "Холокост: память и предупреждение", Москва, январь 2025 г.]
_fсоставители: А. Э. Рунг, С. А. Тиханкина
_gпод редакцией И. А. Альтмана
210 _aМосква
_cРГГУ
_cЦентр "Холокост"
_d2025
215 _a211 с.
_cил., факс., табл.
300 _aРез. англ.
320 _aБиблиогр. в подстроч. примеч.
461 0 _1001RU\NLR\BIBL_A\010880571
_12001#$aМы не можем молчать$eшкольники и студенты о Холокосте$e[сборник работ победителей и лауреатов XIV международного конкурса работ о Холокосте "Память о Холокосте – путь к толерантности", 2014]$fсост.: М. В. Гилева, Т. Б. Пасман$g[И. А. Альтман (отв. ред.) и др.]$vВып. 22
_910502314
_cМосква
_d2015
_fсост.: М. В. Гилева, Т. Б. Пасман
_nМИК
_oшкольники и студенты о Холокосте : [сборник работ победителей и лауреатов XIV международного конкурса работ о Холокосте "Память о Холокосте – путь к толерантности", 2014]
_tМы не можем молчать
_vВып. 22
702 1 _aРунг
_bА. Э.
_4220
711 1 2 _a"Холокост: память и предупреждение", международный конкурс
_d24
_eМосква
_f2025
_92695935
_3RU\NLR\AUTH\880638297
711 1 2 _a"Холокост: память и предупреждение", международная конференция школьников и студентов
_eМосква
_f2025
_92695934
_3RU\NLR\AUTH\880638296
942 _cBOOK
980 _aNB